000 00968cam a2200325 i 4500
001 0000893
003 DO-SdBNP
005 20180215110353.0
007 0000893
008 100514s 1991 sp a | |||| 000 f spa
015 _a
017 _a
_b
020 _a8401313430
035 _a
040 _aBPMSU
_bspa
_cBPMSU
_e
080 _a
100 1 _aParker, Steve
245 1 0 _aCómo vivían los dinosaurios /
_h
_cSteve Parker ; ilustración Guiliano Fornani ; asesor editorial William Lindsay, British Museum ; traducción Javier Gómez Rea
260 _aEspaña :
_bPlaza joven,
_c1991.
300 _a64 p.:
_bil.
_c29 cm.
490 1 _aVentana al mundo
700 1 2 _aFornani, Guiliano
_eil.
700 1 2 _aLindsay, William
_eases.
700 1 2 _aGómez Rea, Javier
_etrad.
710 _aBritish Museum (Natural History)
830 0 _aVentana al mundo
942 _2ddc
_cBK
945 _aInventariado, 2018 / BT
956 _aYLOCKWARD
_810
_cBPMSU
999 _c12336
_d12336